NCAA Bowling Championship Winners - Statistics

General Stats
  • This quiz has been taken 18 times
    5 since last reset
  • The average score is 11 of 21
Answer Stats
Hint Answer % Correct
2004 Nebraska
100%
2005 Nebraska
100%
2009 Nebraska
100%
2013 Nebraska
100%
2015 Nebraska
100%
2021 Nebraska
100%
2014 Sam Houston
50%
2016 Stephen F. Austin
50%
2019 Stephen F. Austin
50%
2007 Vanderbilt
50%
2018 Vanderbilt
50%
2023 Vanderbilt
50%
2006 Fairleigh Dickinson
25%
2010 Fairleigh Dickinson
25%
2024 Jacksonville State
25%
2008 Maryland Eastern Shore
25%
2011 Maryland Eastern Shore
25%
2012 Maryland Eastern Shore
25%
2017 McKendree
25%
2022 McKendree
25%
2025 Youngstown State
25%
No matching quizzes found
Score Distribution
Percent of People with Each Score
Percentile by Number Answered
Your Score History
You have not taken this quiz since the last reset